000 00674nam a22002177a 4500
001 7748
003 FISKH
005 20250805080955.0
008 250801b cb ||||| |||| 00| 0 eng d
040 _aFISKH
_beng
_cFISKH
_dFISKH
050 _aPZ7.P85 T
082 _a823.912
100 _aPotter, Beatrix
245 _aThe tale of Peter rabbit /
_cby Beatrix Potter
260 _aNew York :
_bAvenel Books,
_c1902.
300 _a57 pages :
_bcolor illustrations ;
_c21 cm
520 _aPeter disobeys his mother by going into Mr. McGregor's garden and almost gets caught.
650 _aAnimals
_vChildren's Book
_xPicture Book
942 _2ddc
_cBK
_n0
999 _c7748
_d7748